Conclusions on accounting and reporting by transnational corporations : (Record no. 29757)

MARC details
000 -LEADER
campo de control de longitud fija 01042nam a2200169 4500
001 - NÚMERO DE CONTROL
campo de control 2366
005 - FECHA Y HORA DE LA ÚLTIMA TRANSACCIÓN
campo de control 20230410104002.0
008 - DATOS DE LONGITUD FIJA--INFORMACIÓN GENERAL
campo de control de longitud fija 060907n1994 dr spa
035 ## - NÚMERO DE CONTROL DEL SISTEMA
-- funglode2375
041 ## - CÓDIGO DE IDIOMA
Código de lengua del texto/banda sonora o título independiente EN
050 14 - SIGNATURA TOPOGRÁFICA DE LA BIBLIOTECA DEL CONGRESO
Número de clasificación C749 1994
245 0# - MENCIÓN DEL TÍTULO
Título Conclusions on accounting and reporting by transnational corporations :
Resto del título the intergovernmental working group of experts on international standards of accounting and reporting
260 ## - PUBLICACIÓN, DISTRIBUCIÓN, ETC.
Lugar de publicación, distribución, etc. New York :
Nombre del editor, distribuidor, etc. United Nations,
Fecha de publicación, distribución, etc. 1994
300 ## - DESCRIPCIÓN FÍSICA
Extensión 47 p.
520 ## - RESUMEN, ETC.
Sumario, etc. Objetives and principles of accounting and reporting, 23. -- Consolidated financial statements of transnational corporations, 44. -- Accounting and reporting for business combinations, 59. -- Accounting for joint ventures, 60. -- Segmentation of information, 76. -- Foreign currency transactions and translation, 81. -- Accounting for inflation, 86. -- Accounting policies, 98. -- Information items general purpose reporting, 102. -- Board of directors report, 202. -- Environmental disclosures, 209
942 ## - ELEMENTOS DE ENTRADA SECUNDARIOS (KOHA)
Fuente del sistema de clasificación o colocación Clasificación de Library of Congress
Tipo de ítem Koha
Holdings
Estatus retirado Estado de pérdida Fuente del sistema de clasificación o colocación Estado de daño No para préstamo Colección Biblioteca de origen Biblioteca actual Ubicación en estantería Fecha de adquisición Serial enumeration / chronology Signatura topográfica completa Código de barras Visto por última vez Copia número Tipo de ítem Koha
    Clasificación de Library of Congress     Recursos Regionales Biblioteca Juan Bosch Biblioteca Juan Bosch Recursos Regionales (2do. Piso) 23/10/2018 1 C749 1994 00020021938 23/10/2018 1